[Event "FRA-chT2 South 0708"]
[Site "France"]
[Date "2008.01.20"]
[Round "6.3"]
[White "Cousigne, Frederic"]
[Black "Sandu, Mihaela"]
[Result "1/2-1/2"]
[WhiteElo "2192"]
[BlackElo "2313"]
[PlyCount "63"]
[EventDate "2007.10.21"]
[EventType "team"]
[EventRounds "11"]
[EventCountry "FRA"]
[SourceTitle "EXT 2009"]
[Source "ChessBase"]
[SourceDate "2008.11.26"]
[SourceVersion "1"]
[SourceVersionDate "2008.11.26"]
[SourceQuality "1"]
[WhiteTeam "Bordeaux ASPOM"]
[BlackTeam "Chamalieres"]
[WhiteTeamCountry "FRA"]
[BlackTeamCountry "FRA"]

1. d4 Nf6 2. c4 g6 3. Nc3 Bg7 4. e4 d6 5. f4 0-0 6. Nf3 c5 7. d5 a6 8. Bd3 b5 9. 0-0 bxc4 10. Bxc4 Bg4 11. a4 Nbd7 12. a5 Ne8 13. Qd3 Nc7 14. Nd2 Bd4+ 15. Kh1 e5 16. Qg3 Bh5 17. f5 Kh8 18. Qh3 Nf6 19. Nf3 Bxf3 20. Rxf3 Nh5 21. Bh6 Nf4 22. Qg4 Rb8 23. b3 Rg8 24. g3 Nh5 25. fxg6 fxg6 26. Raf1 Ne8 27. Bg5 Qxa5 28. Ne2 Neg7 29. Qd7 Qb6 30. Be7 Rb7 31. Qxd6 Qa7 32. Bg5 1/2-1/2

[Event "FRA-chT2 South 0708"]
[Site "France"]
[Date "2007.11.25"]
[Round "3.2"]
[White "Bujisho, Benjamin"]
[Black "Cousigne, Frederic"]
[Result "1-0"]
[WhiteElo "2373"]
[BlackElo "2209"]
[PlyCount "77"]
[EventDate "2007.10.21"]
[EventType "team"]
[EventRounds "11"]
[EventCountry "FRA"]
[SourceTitle "EXT 2009"]
[Source "ChessBase"]
[SourceDate "2008.11.26"]
[SourceVersion "1"]
[SourceVersionDate "2008.11.26"]
[SourceQuality "1"]
[WhiteTeam "Nice"]
[BlackTeam "Bordeaux ASPOM"]
[WhiteTeamCountry "FRA"]
[BlackTeamCountry "FRA"]

1. d4 e6 2. c4 f5 3. e3 Nf6 4. Bd3 d5 5. Nc3 c6 6. Nge2 Bd6 7. f3 0-0 8. Qc2 Na6 9. a3 dxc4 10. Bxc4 b5 11. Bb3 Kh8 12. 0-0 Rb8 13. Rd1 Qc7 14. Nf4 b4 15. Nce2 bxa3 16. bxa3 e5 17. dxe5 Bxe5 18. Rb1 Qe7 19. Nd4 Bxd4 20. exd4 Qd6 21. Qf2 Nc7 22. Qg3 Nfd5 23. Bd2 Bd7 24. h4 Qxa3 25. Nxd5 Nxd5 26. Bxd5 Rxb1 27. Rxb1 cxd5 28. Rb7 Qa4 29. Bf4 Qc6 30. Be5 Rf7 31. Qg5 Kg8 32. Qd8+ Be8 33. Rb8 Rf8 34. Bd6 Qc1+ 35. Kh2 f4 36. Bxf8 Qe1 37. Qxe8 Qxh4+ 38. Kg1 Qe1+ 39. Qxe1 1-0

[Event "FRA-chT2 South 0708"]
[Site "France"]
[Date "2007.11.24"]
[Round "2.1"]
[White "Van Hoolandt, Patrick"]
[Black "Cousigne, Frederic"]
[Result "1-0"]
[WhiteElo "2245"]
[BlackElo "2209"]
[PlyCount "69"]
[EventDate "2007.10.21"]
[EventType "team"]
[EventRounds "11"]
[EventCountry "FRA"]
[SourceTitle "EXT 2009"]
[Source "ChessBase"]
[SourceDate "2008.11.26"]
[SourceVersion "1"]
[SourceVersionDate "2008.11.26"]
[SourceQuality "1"]
[WhiteTeam "Monaco"]
[BlackTeam "Bordeaux ASPOM"]
[WhiteTeamCountry "FRA"]
[BlackTeamCountry "FRA"]

1. d4 e6 2. c4 f5 3. g3 Nf6 4. Bg2 Be7 5. Nf3 0-0 6. 0-0 d6 7. Nc3 Ne4 8. Nxe4 fxe4 9. Nd2 d5 10. f3 exf3 11. Nxf3 Nc6 12. Bd2 dxc4 13. Bc3 Rb8 14. a4 a6 15. a5 b5 16. axb6 cxb6 17. e4 b5 18. d5 exd5 19. exd5 Bc5+ 20. Kh1 Nb4 21. Ne5 Bb7 22. Rxf8+ Bxf8 23. Nc6 Nd3 24. Qf3 Bxc6 25. dxc6 Bc5 26. Rf1 Nf2+ 27. Rxf2 Bxf2 28. Qxf2 Qd1+ 29. Qg1 Qd3 30. Qd4 Qb1+ 31. Qg1 Qd3 32. Qe1 Rf8 33. Bb4 c3 34. bxc3 Rd8 35. c7 1-0

[Event "FRA-chT2A 0506"]
[Site "France"]
[Date "2006.04.01"]
[Round "10.3"]
[White "Cousigne, Frederic"]
[Black "Delorme, Alban"]
[Result "1/2-1/2"]
[WhiteElo "2183"]
[BlackElo "2276"]
[PlyCount "45"]
[EventDate "2005.10.27"]
[EventType "team-tourn"]
[EventRounds "11"]
[EventCountry "FRA"]
[SourceTitle "EXT 2006"]
[Source "ChessBase"]
[SourceDate "2005.11.24"]
[SourceVersion "1"]
[SourceVersionDate "2005.11.24"]
[SourceQuality "1"]
[WhiteTeam "Bordeaux ASPOM"]
[BlackTeam "Nantes"]
[WhiteTeamCountry "FRA"]
[BlackTeamCountry "FRA"]

1. d4 Nf6 2. c4 e6 3. g3 d5 4. Nf3 Be7 5. Bg2 0-0 6. 0-0 dxc4 7. Nc3 c5 8. dxc5 Nc6 9. Qa4 Qa5 10. Qxc4 Qxc5 11. Qxc5 Bxc5 12. a3 Rd8 13. b4 Bb6 14. Bg5 h6 15. Bxf6 gxf6 16. Rfd1 f5 17. e3 Bd7 18. Na4 Ne7 19. Nxb6 axb6 20. Ne5 Bc6 21. Nxc6 bxc6 22. Rxd8+ Rxd8 23. a4 1/2-1/2

[Event "FRA-chT2A 0506"]
[Site "France"]
[Date "2005.11.19"]
[Round "2.2"]
[White "Cousigne, Frederic"]
[Black "Stets, Dmitry"]
[Result "0-1"]
[WhiteElo "2183"]
[BlackElo "2418"]
[PlyCount "68"]
[EventDate "2005.10.27"]
[EventType "team-tourn"]
[EventRounds "11"]
[EventCountry "FRA"]
[SourceTitle "EXT 2006"]
[Source "ChessBase"]
[SourceDate "2005.11.24"]
[SourceVersion "1"]
[SourceVersionDate "2005.11.24"]
[SourceQuality "1"]
[WhiteTeam "Bordeaux ASPOM"]
[BlackTeam "Niort"]
[WhiteTeamCountry "FRA"]
[BlackTeamCountry "FRA"]

1. d4 Nf6 2. c4 g6 3. Nc3 Bg7 4. e4 0-0 5. h3 d6 6. Bg5 c5 7. d5 e6 8. Nf3 exd5 9. cxd5 Re8 10. Bd3 c4 11. Bc2 b5 12. a3 Nbd7 13. 0-0 Qb6 14. Qd2 a5 15. Rfe1 Ba6 16. Be3 Nc5 17. Bd4 Nfd7 18. Rad1 Bxd4 19. Qxd4 Qc7 20. Rd2 b4 21. axb4 axb4 22. Nd1 Bb5 23. Ne3 Ne5 24. Nh2 h5 25. f4 Ned3 26. Bxd3 Nb3 27. Qf6 Nxd2 28. Nf5 gxf5 29. Qg5+ Kf8 30. e5 Qb6+ 31. Kh1 dxe5 32. fxe5 Ne4 33. Rxe4 Qg6 34. Qd2 c3 0-1

[Event "Saint Affrique op 12th"]
[Site "Saint Affrique"]
[Date "2004.07.26"]
[Round "4"]
[White "Cousigne, Frederic"]
[Black "Popchev, Milko"]
[Result "1/2-1/2"]
[WhiteElo "2230"]
[BlackElo "2449"]
[PlyCount "90"]
[EventDate "2004.07.24"]
[EventType "swiss"]
[EventRounds "9"]
[EventCountry "FRA"]
[SourceTitle "CBM 101 Extra"]
[Source "ChessBase"]
[SourceDate "2004.09.01"]
[SourceVersion "2"]
[SourceVersionDate "2004.09.01"]
[SourceQuality "1"]

1. d4 g6 2. c4 Bg7 3. Nc3 d6 4. e4 Nd7 5. Nf3 e5 6. Be2 Ne7 7. 0-0 0-0 8. Be3 exd4 9. Nxd4 Nc6 10. Nc2 Nc5 11. f3 f5 12. exf5 Bxf5 13. Qd2 Re8 14. Bf2 Bxc2 15. Qxc2 Nd4 16. Qd2 Nce6 17. Bd3 Qf6 18. Ne4 Qf8 19. Rfe1 Be5 20. Bf1 Qg7 21. Rad1 Rf8 22. Kh1 Rae8 23. Bg1 c5 24. Nc3 Rf5 25. Nd5 Ref8 26. Bd3 Rh5 27. Be4 Kh8 28. h3 Nf4 29. Nxf4 Rxf4 30. Bh2 g5 31. Bd5 b6 32. Bxf4 gxf4 33. b4 Nf5 34. bxc5 bxc5 35. Rb1 Qh6 36. Rb8+ Kg7 37. Reb1 Rxh3+ 38. gxh3 Qxh3+ 39. Kg1 Bd4+ 40. Qxd4+ cxd4 41. Rg8+ Kf6 42. Rf8+ Kg7 43. Rg8+ Kf6 44. Rf8+ Kg5 45. Rg8+ Kf6 1/2-1/2

[Event "FRA-chT2 0304"]
[Site "France"]
[Date "2004.04.03"]
[Round "10"]
[White "Cousigne, Frederic"]
[Black "Imbert, Christophe"]
[Result "1-0"]
[WhiteElo "2254"]
[BlackElo "2100"]
[PlyCount "79"]
[EventDate "2003.10.??"]
[EventType "team"]
[EventRounds "11"]
[EventCountry "FRA"]
[SourceTitle "EXT 2005"]
[Source "ChessBase"]
[SourceDate "2004.11.15"]
[SourceVersion "1"]
[SourceVersionDate "2004.11.15"]
[SourceQuality "1"]

1. d4 Nf6 2. c4 g6 3. Nc3 Bg7 4. e4 d6 5. h3 0-0 6. Bg5 c5 7. d5 e6 8. Nf3 h6 9. Be3 exd5 10. cxd5 Re8 11. Bd3 a6 12. a4 b6 13. 0-0 Nbd7 14. Bf4 Nf8 15. Re1 Bb7 16. Bh2 N8h7 17. Nd2 Qc7 18. Nc4 Bf8 19. f4 Rad8 20. Qb3 Nd7 21. e5 Ba8 22. e6 Ndf6 23. Qxb6 Qxb6 24. Nxb6 Bb7 25. f5 g5 26. g4 Be7 27. Rad1 Kg7 28. Be2 Rb8 29. Nc4 Red8 30. Na5 Ba8 31. Bxa6 h5 32. gxh5 Rxb2 33. Nc6 Bxc6 34. dxc6 Ne8 35. Nd5 Bf6 36. e7 Ra8 37. Bb5 Rc8 38. Nxf6 Nhxf6 39. Bxd6 Nxh5 40. Be5+ 1-0

[Event "FRA-chT Gp-A"]
[Site "France"]
[Date "2003.04.06"]
[Round "7.7"]
[White "Cousigne, Frederic"]
[Black "Fressinet, Laurent"]
[Result "0-1"]
[WhiteElo "2253"]
[BlackElo "2593"]
[PlyCount "62"]
[EventDate "2003.01.31"]
[EventType "team"]
[EventRounds "7"]
[EventCountry "FRA"]
[SourceTitle "CBM 095"]
[Source "ChessBase"]
[SourceDate "2003.07.25"]
[SourceVersion "1"]
[SourceVersionDate "2003.07.25"]
[SourceQuality "1"]
[WhiteTeam "Bordeaux"]
[BlackTeam "Paris NAO"]
[WhiteTeamCountry "FRA"]
[BlackTeamCountry "FRA"]

1. d4 d5 2. Nf3 Nf6 3. c4 c6 4. Nc3 e6 5. Qd3 dxc4 6. Qxc4 b5 7. Qb3 Nbd7 8. g3 b4 9. Na4 Ba6 10. Bg2 Qa5 11. 0-0 Bb5 12. Nc5 Bxc5 13. dxc5 Bxe2 14. Re1 Nxc5 15. Qe3 Bxf3 16. Bxf3 Nd5 17. Qd4 0-0 18. Bd2 Rfd8 19. Qc4 Qb5 20. Qc2 b3 21. axb3 Nxb3 22. Ra3 Nd4 23. Qe4 Qxb2 24. Bc1 Nxf3+ 25. Rxf3 Qb4 26. Qe5 Qd6 27. Qh5 Rd7 28. Bb2 f6 29. Qg4 e5 30. h4 Re8 31. h5 Rf7 0-1

[Event "FRA-chT Gp-A"]
[Site "France"]
[Date "2003.01.31"]
[Round "1.3"]
[White "Bologan, Viktor"]
[Black "Cousigne, Frederic"]
[Result "1-0"]
[WhiteElo "2630"]
[BlackElo "2253"]
[PlyCount "65"]
[EventDate "2003.01.31"]
[EventType "team"]
[EventRounds "7"]
[EventCountry "FRA"]
[SourceTitle "CBM 094"]
[Source "ChessBase"]
[SourceDate "2003.05.26"]
[SourceVersion "1"]
[SourceVersionDate "2003.05.26"]
[SourceQuality "1"]
[WhiteTeam "Gonfreville"]
[BlackTeam "Bordeaux"]
[WhiteTeamCountry "FRA"]
[BlackTeamCountry "FRA"]

1. e4 c5 2. Nf3 e6 3. d4 cxd4 4. Nxd4 Nc6 5. Nc3 a6 6. Be2 Nge7 7. f4 b5 8. Nf3 d6 9. Be3 Ng6 10. Qd2 Be7 11. 0-0-0 Bd7 12. Kb1 Qa5 13. Bd3 Rc8 14. h4 Nb4 15. h5 Nf8 16. a3 Nc6 17. Qf2 Qc7 18. Na2 Rb8 19. Qd2 a5 20. Qe2 b4 21. a4 b3 22. cxb3 Rxb3 23. Bb5 Bf6 24. Bc1 Nb4 25. e5 dxe5 26. fxe5 Be7 27. Nd4 Rg3 28. Nxb4 axb4 29. Bf4 Rg5 30. Bxg5 Bxg5 31. Nf3 Be7 32. Rxd7 Nxd7 33. Rd1 1-0

[Event "FRA-chT2"]
[Site "France"]
[Date "2002.03.09"]
[Round "8"]
[White "Cousigne, Frederic"]
[Black "Jussupow, Artur"]
[Result "0-1"]
[WhiteElo "2249"]
[BlackElo "2611"]
[PlyCount "144"]
[EventDate "2002.??.??"]
[EventType "team"]
[EventRounds "11"]
[EventCountry "FRA"]
[SourceTitle "EXT 2003"]
[Source "ChessBase"]
[SourceDate "2002.11.25"]
[SourceVersion "1"]
[SourceVersionDate "2002.11.25"]
[SourceQuality "1"]
[WhiteTeam "Bordeaux Echecs II"]
[BlackTeam "Evry"]
[WhiteTeamCountry "FRA"]
[BlackTeamCountry "FRA"]

1. d4 Nf6 2. c4 e6 3. g3 Bb4+ 4. Bd2 Be7 5. Bg2 d5 6. Nf3 0-0 7. 0-0 c6 8. b3 Nbd7 9. Bc3 Ne4 10. Bb2 f5 11. Ba3 b6 12. Bxe7 Qxe7 13. Qc1 Bb7 14. Nbd2 Rac8 15. Qb2 a5 16. Rac1 Ba6 17. Rfe1 Qf6 18. e3 Qh6 19. a3 g5 20. Ne5 Nxe5 21. dxe5 g4 22. cxd5 exd5 23. Nxe4 fxe4 24. Qd4 Rb8 25. Rc3 Qe6 26. b4 axb4 27. axb4 Qf5 28. Qd2 Bc4 29. Ra1 Rf7 30. e6 Qxe6 31. Qd4 c5 32. bxc5 bxc5 33. Qxc5 Qf6 34. Qd4 Qxf2+ 35. Kh1 Rbf8 36. Rcc1 Re8 37. Rf1 Bxf1 38. Rxf1 Qxf1+ 39. Bxf1 Rxf1+ 40. Kg2 Rf5 41. h3 gxh3+ 42. Kxh3 Ref8 43. g4 Rg5 44. Kh4 h6 45. Qb6 Kh7 46. Qb7+ Kh8 47. Qb2+ Rg7 48. Qb5 Rfg8 49. Qxd5 Rxg4+ 50. Kh3 Rg3+ 51. Kh2 R3g5 52. Qf7 Rg2+ 53. Kh3 R2g6 54. Qf5 Rg5 55. Qf7 R5g7 56. Qf5 Re8 57. Qf6 Kg8 58. Kh4 Ree7 59. Kh3 Rgf7 60. Qg6+ Kf8 61. Qxh6+ Kg8 62. Qg5+ Rg7 63. Qd5+ Kh8 64. Qd8+ Kh7 65. Qd5 Rg6 66. Qf5 Kg7 67. Qc5 Ree6 68. Qd5 Rh6+ 69. Kg4 Reg6+ 70. Kf4 Rh4+ 71. Ke5 Rh5+ 72. Kd4 Rxd5+ 0-1

[Event "FRA-chT2"]
[Site "France"]
[Date "2002.03.??"]
[Round "9.4"]
[White "Cousigne, Frederic"]
[Black "Sinkovics, Peter"]
[Result "1/2-1/2"]
[WhiteElo "2249"]
[BlackElo "2306"]
[PlyCount "86"]
[EventDate "2002.??.??"]
[EventType "team"]
[EventRounds "11"]
[EventCountry "FRA"]
[SourceTitle "EXT 2003"]
[Source "ChessBase"]
[SourceDate "2002.11.25"]
[SourceVersion "1"]
[SourceVersionDate "2002.11.25"]
[SourceQuality "1"]

1. d4 Nf6 2. c4 e6 3. g3 Bb4+ 4. Bd2 Qe7 5. Bg2 Nc6 6. Nf3 0-0 7. 0-0 Bxd2 8. Nbxd2 d6 9. e4 e5 10. d5 Nd8 11. Qc2 c5 12. Ne1 Ne8 13. Nd3 f5 14. f4 fxe4 15. Nxe4 exf4 16. Nxf4 Bf5 17. Rae1 Nf6 18. Nxf6+ Qxf6 19. Qd2 Qd4+ 20. Qxd4 cxd4 21. Be4 Bxe4 22. Rxe4 Nf7 23. Ne6 Rfc8 24. Rxd4 Ne5 25. b3 a6 26. Re4 Nd3 27. Re3 Ne5 28. Re4 b6 29. Kg2 h6 30. Nd4 Rf8 31. Nf5 Nf7 32. Re6 Rae8 33. Ne7+ Kh7 34. h4 Ne5 35. Rxf8 Rxf8 36. Rxd6 Ng4 37. Rxb6 Ne3+ 38. Kg1 Rf1+ 39. Kh2 Rf2+ 40. Kh1 h5 41. Re6 Rf1+ 42. Kh2 Rf2+ 43. Kg1 Rf1+ 1/2-1/2

[Event "Sautron"]
[Site "Sautron"]
[Date "2001.08.??"]
[Round "6"]
[White "Haimovich, Tal"]
[Black "Cousigne, Frederic"]
[Result "1/2-1/2"]
[WhiteElo "2304"]
[BlackElo "2217"]
[PlyCount "178"]
[EventDate "2001.07.??"]
[EventType "tourn"]
[EventRounds "9"]
[EventCountry "FRA"]
[EventCategory "4"]
[SourceTitle "EXT 2003"]
[Source "ChessBase"]
[SourceDate "2002.11.25"]
[SourceVersion "1"]
[SourceVersionDate "2002.11.25"]
[SourceQuality "1"]

1. e4 d5 2. exd5 Nf6 3. d4 Bg4 4. Nf3 Qxd5 5. Nc3 Qh5 6. Bf4 Bxf3 7. gxf3 c6 8. Bc4 e6 9. Rg1 Nbd7 10. Qd2 Qxf3 11. Be2 Qh3 12. 0-0-0 h6 13. d5 exd5 14. Rg3 Qh4 15. Bc7 Be7 16. Rxg7 Nf8 17. Rg3 Ne6 18. Be5 0-0-0 19. Bd3 Bd6 20. Bxd6 Rxd6 21. Bf5 Kb8 22. Re1 Re8 23. Rh3 Qg5 24. Qxg5 hxg5 25. Rh6 Ng7 26. Rxe8+ Nfxe8 27. Rh8 Kc7 28. Bg4 Rf6 29. f3 Rg6 30. Ne2 Nd6 31. Rg8 Nde8 32. Rh8 Nd6 33. Rg8 Nde8 34. Rh8 Rf6 35. Ng3 Rf4 36. Rg8 Kd8 37. Kd2 Ke7 38. Rh8 f5 39. Bh5 Rh4 40. Nxf5+ Nxf5 41. Rxe8+ Kd7 42. Rf8 Rxh5 43. Rxf5 Rxh2+ 44. Kd3 Rf2 45. Rxg5 Rxf3+ 46. Kd2 Rf2+ 47. Kd3 a5 48. Rg7+ Kc8 49. a4 Kb8 50. b3 Ka7 51. Kc3 Kb6 52. Kd3 Rf4 53. Rh7 Rb4 54. Rh8 Kc5 55. Ra8 b6 56. Rc8 Rh4 57. Kc3 Rh3+ 58. Kd2 Rh6 59. Kc3 Rd6 60. Rc7 d4+ 61. Kd3 Kb4 62. Rb7 c5 63. Rb8 Rh6 64. Kd2 Ka3 65. Kc1 d3 66. Kd2 dxc2 67. Kxc2 Rh2+ 68. Kc1 Kxb3 69. Rxb6+ Kxa4 70. Rb8 c4 71. Rb7 Ka3 72. Rb8 a4 73. Rb7 Ka2 74. Rb8 a3 75. Rb7 Rb2 76. Rc7 Kb3 77. Rb7+ Kc3 78. Ra7 Rc2+ 79. Kb1 Rb2+ 80. Kc1 Rb3 81. Ra8 Kd4 82. Rd8+ Kc5 83. Kc2 Rh3 84. Rc8+ Kb5 85. Rb8+ Ka6 86. Ra8+ Kb7 87. Ra4 Kb6 88. Rxc4 a2 89. Kb2 Ra3 1/2-1/2

[Event "Sautron"]
[Site "Sautron"]
[Date "2001.??.??"]
[Round "5"]
[White "Cousigne, Frederic"]
[Black "Dumitrache, Dragos Nicolae"]
[Result "0-1"]
[WhiteElo "2217"]
[BlackElo "2500"]
[PlyCount "68"]
[EventDate "2001.07.??"]
[EventType "tourn"]
[EventRounds "9"]
[EventCountry "FRA"]
[EventCategory "4"]
[SourceTitle "EXT 2003"]
[Source "ChessBase"]
[SourceDate "2002.11.25"]
[SourceVersion "1"]
[SourceVersionDate "2002.11.25"]
[SourceQuality "1"]

1. d4 d6 2. c4 e5 3. Nc3 Nd7 4. Nf3 Ngf6 5. e4 Be7 6. Be2 0-0 7. 0-0 c6 8. d5 cxd5 9. cxd5 b5 10. a3 Nb6 11. b3 Bd7 12. h3 Ne8 13. Be3 g6 14. a4 Rc8 15. a5 Na8 16. Bd2 f5 17. Bd3 Nf6 18. Qe2 Kg7 19. exf5 gxf5 20. Nxe5 dxe5 21. Qxe5 Bb4 22. d6 Kh8 23. Rac1 Rc6 24. Ne4 fxe4 25. Bxb4 Rxc1 26. Rxc1 exd3 27. Bc3 Qe8 28. Qd4 Qg6 29. Kh2 Kg7 30. Re1 Re8 31. Re7+ Rxe7 32. dxe7 Kf7 33. Qxa7 Nb6 34. f3 Ne8 0-1

[Event "Sautron"]
[Site "Sautron"]
[Date "2001.??.??"]
[Round "8"]
[White "Cousigne, Frederic"]
[Black "Gerard, Nicolas"]
[Result "0-1"]
[WhiteElo "2217"]
[BlackElo "2271"]
[PlyCount "60"]
[EventDate "2001.07.??"]
[EventType "tourn"]
[EventRounds "9"]
[EventCountry "FRA"]
[EventCategory "4"]
[SourceTitle "EXT 2003"]
[Source "ChessBase"]
[SourceDate "2002.11.25"]
[SourceVersion "1"]
[SourceVersionDate "2002.11.25"]
[SourceQuality "1"]

1. d4 Nf6 2. c4 g6 3. Nc3 d5 4. Nf3 Bg7 5. Bg5 Ne4 6. cxd5 Nxg5 7. Nxg5 e6 8. Nf3 exd5 9. e3 a5 10. a3 0-0 11. Be2 c6 12. 0-0 Re8 13. b4 b5 14. Qb3 Nd7 15. Rfc1 Nb6 16. bxa5 Nc4 17. a4 Nxa5 18. Qb2 b4 19. Na2 Rb8 20. Nxb4 Bf8 21. Rc5 Qb6 22. Rac1 Bxc5 23. Rxc5 Qxb4 24. Qxb4 Rxb4 25. Rxa5 Rb1+ 26. Bf1 Bf5 27. Rc5 Rd1 28. h3 Bd3 29. Nh2 Rb8 30. a5 Rbb1 0-1

[Event "FRA-chT2O 9899"]
[Site "France"]
[Date "1998.10.18"]
[Round "1"]
[White "Cousigne, Frederic"]
[Black "Jankovic, Petar"]
[Result "1-0"]
[WhiteElo "2139"]
[BlackElo "2097"]
[PlyCount "93"]
[EventDate "1998.??.??"]
[EventType "team"]
[EventRounds "9"]
[EventCountry "FRA"]
[SourceTitle "EXT 2002"]
[Source "ChessBase"]
[SourceDate "2001.11.25"]
[SourceVersion "1"]
[SourceVersionDate "2001.11.25"]
[SourceQuality "1"]

1. d4 Nf6 2. c4 g6 3. Nc3 Bg7 4. e4 d6 5. h3 0-0 6. Bg5 Nbd7 7. Nf3 c6 8. Be2 Qc7 9. 0-0 a5 10. a3 b6 11. Rc1 Bb7 12. Re1 e5 13. d5 c5 14. Nb5 Qb8 15. Bd3 Ba6 16. Nd2 Bxb5 17. cxb5 Qc7 18. Nc4 Kh8 19. Qd2 Ng8 20. Be3 Rae8 21. b4 axb4 22. axb4 f5 23. f3 f4 24. Bf2 Ra8 25. Ra1 Ngf6 26. Ra6 Rxa6 27. bxa6 b5 28. Na3 cxb4 29. Nxb5 Qa5 30. Nxd6 Rb8 31. a7 Ra8 32. Nc4 Qa4 33. Nb6 Nxb6 34. Bxb6 Nd7 35. Bf2 Bf8 36. Qc2 Qxc2 37. Bxc2 Nc5 38. Ra1 Kg8 39. Kf1 b3 40. Bb1 b2 41. Ra2 Kf7 42. Ke1 Ke8 43. Rxb2 Nd7 44. Bd3 Kd8 45. Bb5 Nc5 46. Ra2 Kc7 47. Bc6 1-0